000 00373nam a22001697a 4500
005 20160628151945.0
008 160628b xxu||||| |||| 00| 0 eng d
020 _a978-87-7989-745-8
041 _aeng
082 _b10624
100 _aHubard, L. Ron
_93102
245 _aSelf Analysis
260 _bNew Era
300 _a321
650 _aManagement
_9241
942 _cBK
999 _c4513
_d4512